000 00383pab a2200157 454500
008 180718b1984 xxu||||| |||| 00| 0 eng d
100 _aVenkataiah, K.
245 _aSocio - economic dimensions of rural housing
260 _c1984
300 _a4-6
362 _aJuly
650 _aHousing, Rural - India
700 _aR. Nageswara Rao
773 _aKurukshetra
909 _a10043
999 _c10043
_d10043